Ice sheets and climate /

Bibliographic Details
Main Author: Oerlemans, J. (Johannes), 1950-
Other Authors: Veen, C. J. van der (Cornelis J.), 1956-
Format: Book
Language:English
Published: Dordrecht ; Boston : Reidel ; [1984]
Subjects:

MARC

Tag First Indicator Second Indicator Subfields
LEADER 00000pam a2200000 a 4500
001 in00000544337
005 20151013161454.0
008 831228s1984 ne a b 00110 eng
010 |a  83027020  
020 |a 9027717095 
035 |a (OCoLC)10300410 
035 |9 ACG6158AM 
039 0 |a 2  |b 3  |c 3  |d 3  |e 3 
040 |a DLC  |c DLC  |d TXA  |d UtOrBLW 
049 |a TXAM 
050 0 0 |a QC981.8.I23  |b O37 1984 
082 0 |a 551.5  |2 19 
100 1 |a Oerlemans, J.  |q (Johannes),  |d 1950- 
245 1 0 |a Ice sheets and climate /  |c by J. Oerlemans and C.J. van der Veen. 
264 1 |a Dordrecht ;  |a Boston :  |b Reidel ;  |c [1984] 
264 2 |a Hingham, MA, U.S.A. :  |b Sold and distributed in the U.S.A. and Canada by Kluwer, 
264 4 |c ©1984 
300 |a xi, 217 pages :  |b illustrations ;  |c 25 cm. 
336 |a text  |b txt  |2 rdacontent 
337 |a unmediated  |b n  |2 rdamedia 
338 |a volume  |b nc  |2 rdacarrier 
500 |a Includes index. 
504 |a Bibliography: pages 205-212. 
650 0 |a Ice sheets. 
650 0 |a Climatology  |x Mathematical models. 
700 1 |a Veen, C. J. van der  |q (Cornelis J.),  |d 1956- 
999 |a MARS 
999 f f |s 4fd12f62-3104-31d3-8a1d-8ae52fa756dd  |i db4b98be-9f5b-32bf-ba09-5e4afa487ecd  |t 0 
952 f f |p ric  |a Texas A&M University  |b Rellis Campus  |c Joint Library Facility  |d Remote Storage  |t 0  |e QC981.8.I23 O37 1984  |h Library of Congress classification  |i unmediated -- volume  |m A14808176080 
998 f f |a QC981.8.I23 O37 1984  |t 0  |l Remote Storage